000 00845nam a2200241Ia 4500
003 OSt
005 20220923222337.0
006 a|||||r|||| 00| 0
007 ta
008 220922b |||||||| |||| 00| 0 hin d
024 _a204,562
037 _cTextual
040 _aARTS
_cARTS
_bhin
041 _2hin
_ahin
082 _aO157,1M61:g, 152J4-;1
100 _aत्रिपाठी, सूर्यकांत निराला, कैतव
_9166789
245 0 _aरवीन्द्र-कविता-कानन
246 _aRavīndra-kavitā-kānana
260 _c1954
650 _aबंगाली साहित्य
_9156264
942 _hO157,1M61:g, 152J4-;1
_cTEXL
_2CC
999 _c355310
_d355310